Guess the Taylor Swift Song (Speak Now TV) 13 - Statistics

General Stats
  • This quiz has been taken 12 times
  • The average score is 319 of 368
Answer Stats
Answer % Correct
be
100%
me
100%
my
100%
My
100%
Not
100%
we
100%
you
100%
again
90%
All
90%
all
90%
AM,
90%
and
90%
And
90%
are
90%
as
90%
at
90%
back
90%
back,
90%
can
90%
dancing
90%
do
90%
don't
90%
eyes
90%
first
90%
forever
90%
go
90%
"Have
90%
have
90%
home
90%
I
90%
I'd
90%
if
90%
I'll
90%
I'm
90%
in
90%
In
90%
is,
90%
is
90%
Is
90%
it
90%
It
90%
kept
90%
knew
90%
let
90%
love?
90%
love
90%
meet
90%
met?"
90%
name,
90%
night
90%
now
90%
on
90%
Please
90%
say
90%
say,
90%
see
90%
somebody
90%
someone
90%
That
90%
that
90%
the
90%
The
90%
There
90%
These
90%
This
90%
this
90%
to
90%
too
90%
up
90%
very
90%
was
90%
were
90%
when
90%
where
90%
who
90%
will
90%
with
90%
wonder
90%
would
90%
your
90%
Your
90%
2
80%
awake
80%
blushing
80%
conversation
80%
Cross
80%
door
80%
echo
80%
else
80%
enchanted
80%
enchanting
80%
ends
80%
face
80%
faking
80%
Forcing
80%
forth
80%
its
80%
know
80%
laughter,
80%
leaving
80%
Like
80%
line
80%
make
80%
of
80%
open
80%
pacing
80%
praying
80%
question
80%
room
80%
saw
80%
smiles
80%
soon
80%
sparkling,
80%
spend
80%
Starts
80%
starts
80%
story
80%
til
80%
tonight
80%
until
80%
waiting
80%
way
80%
wide
80%
Wishing
80%
wondering
80%
wonderstruck,
80%
words
80%
alone
70%
around
70%
held
70%
Hey
70%
notes
70%
old
70%
page
70%
passing
70%
place
70%
quick
70%
remarks
70%
secrecy
70%
silhouette
70%
thoughts
70%
whispered,
70%
Counter
60%
flawless,
60%
lingering
60%
playful
60%
Same
60%
shifting
60%
tired,
60%
Vanished
60%
lonely
50%
vacancy
50%
Walls
50%
insincerity,
40%
No matching quizzes found
Score Distribution
Percent of People with Each Score
Percentile by Number Answered
Your Score History
You have not taken this quiz